Central Library OPAC University of Rajshahi

اردو کی نثری دآستانیی ;; ardo ki nasari dastani / (Record no. 85467)

MARC details
000 -LEADER
fixed length control field 00547nam a2200181 4500
003 - CONTROL NUMBER IDENTIFIER
rucl marc code BD-RjUL
005 - DATE AND TIME OF LATEST TRANSACTION
control field 20250807121235.0
008 - FIXED-LENGTH DATA ELEMENTS--GENERAL INFORMATION
fixed length control field 250807s1987 ii ||||| |||| 00| 0 urd d
035 ## - SYSTEM CONTROL NUMBER
System control number (BD-RjUL)
040 ## - CATALOGING SOURCE
Original cataloging agency BD-RjUL
Language of cataloging eng
Transcribing agency BD-RjUL
041 ## - LANGUAGE CODE
Language code of text/sound track or separate title urd
082 ## - DEWEY DECIMAL CLASSIFICATION NUMBER
Edition number 21
Classification number 891.4391
Author mark and year CHU 1987
245 ## - TITLE STATEMENT
Title اردو کی نثری دآستانیی ;; ardo ki nasari dastani /
Statement of responsibility, etc. گیان چند ;;; Gyan Chand
260 ## - PUBLICATION, DISTRIBUTION, ETC. (IMPRINT)
Place of publication, distribution, etc. Lakhnuw :
Name of publisher, distributor, etc. Uttar prodes urdu ekademy ,
Date of publication, distribution, etc. 1987
300 ## - PHYSICAL DESCRIPTION
Pagination 920 p. ;
Size 21 cm
650 ## - SUBJECT ADDED ENTRY--TOPICAL TERM
Topical term or geographic name as entry element urdu potry
9 (RLIN) 8863
942 ## - ADDED ENTRY ELEMENTS (KOHA)
Source of classification or shelving scheme Dewey Decimal Classification
Koha item type Books
Holdings
Lost status Source of classification or shelving scheme Damaged status Not for loan Collection code Permanent Location Current Location Shelving location Date acquired Total Checkouts Full call number Date last seen Copy number Koha item type
  Dewey Decimal Classification   Not For Loan Non-fiction Central Library, University of Rajshahi Central Library, University of Rajshahi Reading Room 07/08/2025   U 891.4391 CHU 1987 07/08/2025 C-1 Books